Effect of Cuuting Age of Fforages on Gas Production By Using In Vitro Techinique,ឥទ្ទិពលនៃដំណាំចំណីសត្វទៅផលិតផលឧស្ម័នដោយប្រើវិធីសាស្រ្តIn-vitor (Record no. 19690)

000 -LEADER
fixed length control field 00645nam a22001577a 4500
003 - CONTROL NUMBER IDENTIFIER
control field LRUA
005 - DATE AND TIME OF LATEST TRANSACTION
control field 20210127132940.0
008 - FIXED-LENGTH DATA ELEMENTS--GENERAL INFORMATION
fixed length control field 210127b xxu||||| |||| 00| 0 eng d
040 ## - CATALOGING SOURCE
Transcribing agency RUA
082 ## - DEWEY DECIMAL CLASSIFICATION NUMBER
Edition number ANS TON 2017 B543 Or.
100 ## - MAIN ENTRY--PERSONAL NAME
9 (RLIN) 14631
Personal name TON VANNAK ,តុន​ វណ្ណៈ
245 ## - TITLE STATEMENT
Title Effect of Cuuting Age of Fforages on Gas Production By Using In Vitro Techinique,ឥទ្ទិពលនៃដំណាំចំណីសត្វទៅផលិតផលឧស្ម័នដោយប្រើវិធីសាស្រ្តIn-vitor
260 ## - PUBLICATION, DISTRIBUTION, ETC. (IMPRINT)
Place of publication, distribution, etc. phnom penh
Name of publisher, distributor, etc. RUA
Date of publication, distribution, etc. 2017
300 ## - PHYSICAL DESCRIPTION
Extent x,41p,
Other physical details ill,
Dimensions 29cm,
942 ## - ADDED ENTRY ELEMENTS (KOHA)
Source of classification or shelving scheme
Koha item type ANS

No items available.

មជ្ឈមណ្ឌលឯការនៃសាកលវិទ្យាល័យភូមិន្ទកសិកម្មចំការដូង

Powered by Koha